Γρήγορο Τεστ Μνήμης - Statistics

General Stats
  • This quiz has been taken 42 times
  • The average score is 19 of 35
Answer Stats
Hint Answer % Correct
Δώσε μου ένα Α Α
100%
Δώσε μου ένα Β Β
100%
Δώσε μου ένα Δ Δ
100%
Δώσε μου την πρώτη απάντηση του κουίζ Α
100%
Δώσε μου ένα Γ Γ
97%
Δώσε μου ένα φωνήεν Α
97%
Μη μου δώσεις Α, Γ ή Β Δ
97%
Μη μου δώσεις Δ, Γ ή Α Β
94%
Δώσε μου το δεύτερο γράμμα του αλφαβήτου Β
90%
Δώσε μου την πρώτη απάντηση του κουίζ Α
87%
Μη μου δώσεις Α, Δ ή Β Γ
87%
Δώσε μου ένα Α Α
81%
Δώσε μου το γράμμα μετά το Γ Δ
77%
Μη μου δώσεις Β, Γ ή Α Δ
71%
Δώσε μου το τελευταίο γράμμα του ΟΑΕΔ Δ
58%
Δώσε μου την προηγούμενη απάντηση Α
55%
Άλλη μια φορά Α
55%
Δώσε μου το επόμενο γράμμα από το Γ Δ
55%
Δώσε μου το Γ Γ
55%
Δώσε μου το γράμμα πριν το Δ Γ
52%
Δώσε μου την προηγούμενη απάντηση Δ
52%
Δώσε μου το γράμμα ανάμεσα στο Γ και το Α Β
48%
Δώσε μου τη δεύτερη απάντηση του κουίζ Β
45%
Δώσε μου το γράμμα που έρχεται μετά από την προηγούμενη απάντηση Δ
42%
Δώσε μου το γράμμα που δεν εμφανίζεται στη λέξη «Διθύραμβος» Γ
35%
Μη μου δώσεις Γ, Δ ή Α Β
26%
Δώσε μου το γράμμα που έρχεται πριν την προηγούμενη απάντηση Α
10%
Μη μου δώσεις Δ, Α ή Β Γ
6%
Δώσε μου το γράμμα που δεν εμφανίζεται σε αυτή την πρόταση Β
3%
Δώσε μου το γράμμα που έρχεται μετά τα την προηγούμενη απάντηση Δ
3%
Δώσε μου την πρώτη απάντηση του κουίζ Α
3%
Και μετά το επόμενο γράμμα Β
3%
Και μετά το προηγούμενο γράμμα Α
3%
Και μετά το γράμμα ανάμεσα στο Δ και το Β Γ
3%
Τέλος, δώσε μου ένα Γ Γ
3%
No matching quizzes found
Score Distribution
Percent of People with Each Score
Percentile by Number Answered
Your Score History
You have not taken this quiz